000 00297nam a22001337a 4500
008 171228b xxu||||| |||| 00| 0 eng d
020 _a9780471238232
041 _aeng
080 _a330.722
100 _a62
101 _aKON
245 _aMANAGERIAL ACCOUNTING
_cJIAMBALVO, J
942 _2udc
_cBK
999 _c39549
_d39549